Magyarország felszámolása

Elmentve itt :
Bibliográfiai részletek
Szerző: Bogár László
Adatforrás:Philobibl
Dokumentumtípus: Könyv
Nyelv:magyar
Kulcsszavak:politikaelmélet
globalizáció
Megjelent: Budapest Kairosz 2008
Sorozat:"És mégis élünk..."
LEADER 00439nam a2200157 c 4500
001 bibPHI0036482
005 20200924123644.9
008 100106s2008 hu hun
100 1 |a Bogár László 
245 1 0 |a Magyarország felszámolása  |c Bogár László 
260 |a Budapest  |b Kairosz  |c 2008 
300 |a 228 p. 
490 1 |a "És mégis élünk..."  |v 5. 
695 |a politikaelmélet 
695 |a globalizáció 
830 1 |a "És mégis élünk..."